Drapeaux du monde - Les plus difficiles - Statistiques

Statistiques générales
  • Ce quiz a été pris 467 fois
  • Le résultat moyen est 16 sur 20
Statistiques - réponses
Par images Réponse % Correct
Zambie
92%
Grenade
91%
Dominique
90%
Île Maurice
89%
Suriname
89%
Sierra Leone
88%
Guyana
86%
Nauru
83%
Samoa
83%
Saint-Vincent-et-les-Grenadines
82%
Vanuatu
81%
Guinée équatoriale
80%
Gambie
77%
Timor oriental
77%
Bolivie
76%
Guinée-Bissau
75%
Tuvalu
72%
Sao Tomé-et-Principe
68%
Saint-Christophe-et-Niévès
67%
Salomon
67%
Aucun quiz correspondant
Distribution des résultats
% des personnes avec chaque résultat
Percentile par nombre de réponses
Votre historique - résultats
Vous n’avez pas pris ce quiz